[Event "Brno Trade op"]
[Site "Brno"]
[Date "2007.08.29"]
[Round "4"]
[White "Krc, Milan"]
[Black "Hladil, Ivo"]
[Result "0-1"]
[WhiteElo "1883"]
[BlackElo "1902"]
[PlyCount "108"]
[EventDate "2007.08.26"]
[EventType "swiss"]
[EventRounds "7"]
[EventCountry "CZE"]
[SourceTitle "EXT 2008"]
[Source "ChessBase"]
[SourceDate "2007.11.25"]
[SourceVersion "1"]
[SourceVersionDate "2007.11.25"]
[SourceQuality "1"]

1. c4 Nf6 2. Nf3 g6 3. Nc3 Bg7 4. g3 0-0 5. Bg2 c6 6. e4 d5 7. cxd5 cxd5 8. e5 Ng4 9. d4 Nc6 10. 0-0 Nh6 11. Nh4 e6 12. a3 Qb6 13. Ne2 Bd7 14. b4 a5 15. bxa5 Nxa5 16. Bd2 Nc4 17. Bb4 Rfc8 18. Nc3 Qa6 19. Re1 Nb2 20. Qb1 Na4 21. Nxa4 Qxa4 22. Bf1 Bb5 23. Bxb5 Qxb5 24. Bc5 Qa6 25. Qb2 Rc6 26. Reb1 b6 27. Bb4 Rac8 28. Rc1 Qa4 29. Rxc6 Qxc6 30. Bd2 Qc2 31. Rb1 Qd3 32. Rc1 Rc4 33. Rxc4 dxc4 34. Qc3 Qxc3 35. Bxc3 b5 36. Kf1 Kf8 37. Ke2 Ke8 38. h3 Ng8 39. f4 Ne7 40. g4 Nd5 41. Bd2 Bf8 42. Bc1 Kd7 43. f5 Kc6 44. fxg6 fxg6 45. Nf3 Nc3+ 46. Ke1 Na2 47. Be3 Kd5 48. Bf2 h6 49. h4 Ke4 50. Nd2+ Kd3 51. Kd1 Bxa3 52. Nb1 Be7 53. Be1 c3 54. Bf2 c2+ 0-1

[Event "Brno Trade op"]
[Site "Brno"]
[Date "2007.08.28"]
[Round "3"]
[White "Hladil, Ivo"]
[Black "Zikan, Karel"]
[Result "0-1"]
[WhiteElo "1902"]
[BlackElo "1870"]
[PlyCount "132"]
[EventDate "2007.08.26"]
[EventType "swiss"]
[EventRounds "7"]
[EventCountry "CZE"]
[SourceTitle "EXT 2008"]
[Source "ChessBase"]
[SourceDate "2007.11.25"]
[SourceVersion "1"]
[SourceVersionDate "2007.11.25"]
[SourceQuality "1"]

1. d4 Nf6 2. g3 d5 3. Bg2 Bf5 4. c4 c6 5. Qb3 Qb6 6. Qxb6 axb6 7. cxd5 cxd5 8. Nc3 e6 9. Nf3 Nc6 10. 0-0 Be7 11. Bf4 0-0 12. e3 Nh5 13. Bc7 Bd8 14. Bd6 Be7 15. Bxe7 Nxe7 16. Ne5 Nf6 17. f3 Rfd8 18. Rfd1 Nd7 19. Nd3 Bxd3 20. Rxd3 Nf5 21. e4 dxe4 22. fxe4 Ne7 23. a3 Nc5 24. Rdd1 Nb3 25. Rab1 Nxd4 26. e5 Ndc6 27. Rd6 Nf5 28. Rdd1 Ne3 29. Rd6 Nxg2 30. Kxg2 Kf8 31. Rbd1 Ke7 32. Rxd8 Rxd8 33. Rxd8 Kxd8 34. Ne4 Nxe5 35. h3 Ke7 36. b3 f5 37. Nc3 Kd6 38. Kf2 Nd3+ 39. Ke3 Nc5 40. b4 Nd7 41. Kf4 Nf6 42. Nb5+ Kc6 43. Nd4+ Kd5 44. Nb5 Nh5+ 45. Kf3 e5 46. g4 e4+ 47. Kf2 fxg4 48. hxg4 Nf6 49. g5 Ng4+ 50. Kg3 Ne5 51. Nc7+ Kd4 52. Ne6+ Kd3 53. Nf4+ Kd2 54. Ng2 e3 55. Kf4 Nc4 56. a4 e2 57. Ke4 e1Q+ 58. Nxe1 Kxe1 59. Kd5 Ne3+ 60. Ke6 h5 61. gxh6 gxh6 62. Kf6 Nd5+ 63. Kg6 Nxb4 64. Kxh6 Kd2 65. Kg6 Kc3 66. Kf7 Kb3 0-1

[Event "Brno Trade op"]
[Site "Brno"]
[Date "2007.08.27"]
[Round "2"]
[White "Stanek, Stanislav"]
[Black "Hladil, Ivo"]
[Result "1-0"]
[WhiteElo "2012"]
[BlackElo "1902"]
[PlyCount "125"]
[EventDate "2007.08.26"]
[EventType "swiss"]
[EventRounds "7"]
[EventCountry "CZE"]
[SourceTitle "EXT 2008"]
[Source "ChessBase"]
[SourceDate "2007.11.25"]
[SourceVersion "1"]
[SourceVersionDate "2007.11.25"]
[SourceQuality "1"]

1. d4 Nf6 2. Bf4 d6 3. e3 Nbd7 4. Nf3 c6 5. c3 Qc7 6. Nbd2 e5 7. Bg3 b5 8. Qb3 Be7 9. a4 bxa4 10. Qxa4 Nb6 11. Qa5 exd4 12. Nxd4 Bd7 13. Bd3 Nbd5 14. Qxc7 Nxc7 15. Nc4 c5 16. Nxd6+ Bxd6 17. Bxd6 cxd4 18. Bxc7 dxe3 19. fxe3 0-0 20. Be5 Nd5 21. Bd4 Rfe8 22. Kf2 a5 23. Rhe1 Bc6 24. g3 a4 25. e4 Nc7 26. e5 Rab8 27. Rab1 Ne6 28. Be4 Bd7 29. Ba7 Rb5 30. c4 Rb4 31. Bd5 Rc8 32. Red1 Kf8 33. Be3 Ke8 34. Bd2 Rb3 35. Bc3 Nc5 36. Ra1 Rb6 37. Bd4 Rh6 38. Bxc5 Rxc5 39. Bxf7+ Kxf7 40. Rxd7+ Ke8 41. Rxg7 Rxc4 42. h4 Rb6 43. Ra2 h5 44. Rg5 Rb3 45. Kg2 Rc2+ 46. Kh3 Rbxb2 47. Rxb2 Rxb2 48. Rxh5 Rb5 49. Rh8+ Ke7 50. Ra8 Rb4 51. Ra6 Re4 52. e6 Kf6 53. Kg2 Rb4 54. Kf3 Rb3+ 55. Kg4 a3 56. h5 Rb4+ 57. Kh3 Rb3 58. Kh4 Re3 59. g4 Rc3 60. h6 Kg6 61. e7+ Kf7 62. h7 Rc1 63. e8Q+ 1-0

[Event "Stare Mesto op"]
[Site "Stare Mesto"]
[Date "2007.08.10"]
[Round "1"]
[White "Hladil, Ivo"]
[Black "Weglarz, Leszek"]
[Result "0-1"]
[WhiteElo "1902"]
[BlackElo "2283"]
[PlyCount "74"]
[EventDate "2007.08.10"]
[EventType "swiss"]
[EventRounds "10"]
[EventCountry "CZE"]
[SourceTitle "CBM 119 Extra"]
[Source "ChessBase"]
[SourceDate "2007.09.04"]
[SourceVersion "1"]
[SourceVersionDate "2007.09.04"]
[SourceQuality "1"]

1. d4 d5 2. c4 dxc4 3. Nf3 c5 4. e3 e6 5. Bxc4 Nf6 6. 0-0 a6 7. Qe2 b5 8. Bb3 Bb7 9. Rd1 Nbd7 10. Nc3 Qb6 11. a4 b4 12. a5 Qc7 13. Na4 Be7 14. Bd2 cxd4 15. exd4 0-0 16. Ne5 Nxe5 17. dxe5 Nd7 18. Bf4 Rfd8 19. Rxd7 Qxd7 20. Nb6 Qc6 21. Qg4 h5 22. Qf3 Qxf3 23. gxf3 Rab8 24. Kg2 Bxf3+ 25. Kxf3 Rd3+ 26. Ke4 Rxb3 27. Nc4 Rd8 28. Be3 Rbd3 29. Rc1 Rd1 30. Rc2 b3 31. Rc3 Rc8 32. Bd4 Bb4 33. Ne3 Rxd4+ 34. Kxd4 Bxc3+ 35. Ke4 Bxb2 36. Nd1 Bc1 37. Kd3 b2 0-1

[Event "Brno op-A"]
[Site "Brno"]
[Date "2007.07.05"]
[Round "6"]
[White "Trmac, Radek"]
[Black "Hladil, Ivo"]
[Result "1/2-1/2"]
[WhiteElo "1803"]
[BlackElo "1902"]
[PlyCount "81"]
[EventDate "2007.07.01"]
[EventType "swiss"]
[EventRounds "9"]
[EventCountry "CZE"]
[SourceTitle "CBM 119 Extra"]
[Source "ChessBase"]
[SourceDate "2007.09.04"]
[SourceVersion "1"]
[SourceVersionDate "2007.09.04"]
[SourceQuality "1"]

1. e4 c6 2. d4 d5 3. e5 Bf5 4. Bd3 Bxd3 5. Qxd3 Qa5+ 6. Nd2 Qa6 7. Qxa6 Nxa6 8. c3 e6 9. Ne2 Ne7 10. Ng3 c5 11. dxc5 Nxc5 12. Ke2 Ng6 13. Nf3 Nd7 14. Re1 Ndxe5 15. Nxe5 Nxe5 16. f4 Nc6 17. Be3 Be7 18. Rad1 0-0 19. f5 Bh4 20. Rf1 Rfe8 21. Nh5 exf5 22. Rxf5 Ne7 23. Rf3 h6 24. g3 Bg5 25. h4 Bxe3 26. Rxe3 Nf5 27. Rxe8+ Rxe8+ 28. Kf2 Rd8 29. Nf4 d4 30. cxd4 Rxd4 31. Rxd4 Nxd4 32. g4 f5 33. Ke3 Nc6 34. gxf5 Kf7 35. Ke4 Ne7 36. Nd5 Nxd5 37. Kxd5 g5 38. hxg5 hxg5 39. Ke5 Ke7 40. f6+ Kf7 41. Kf5 1/2-1/2

[Event "Brno op-A"]
[Site "Brno"]
[Date "2007.07.01"]
[Round "1"]
[White "Mudra, Tomas"]
[Black "Hladil, Ivo"]
[Result "1-0"]
[WhiteElo "2171"]
[BlackElo "1902"]
[PlyCount "77"]
[EventDate "2007.07.01"]
[EventType "swiss"]
[EventRounds "9"]
[EventCountry "CZE"]
[SourceTitle "CBM 119 Extra"]
[Source "ChessBase"]
[SourceDate "2007.09.04"]
[SourceVersion "1"]
[SourceVersionDate "2007.09.04"]
[SourceQuality "1"]

1. c4 Nf6 2. Nc3 e5 3. g3 Be7 4. Bg2 c6 5. d4 d6 6. e3 0-0 7. Nge2 Nbd7 8. 0-0 Re8 9. b4 Nb6 10. Qb3 exd4 11. exd4 d5 12. c5 Nc4 13. Re1 Bf5 14. a4 Qd7 15. b5 Bd8 16. Ba3 Bc7 17. Bb4 Re7 18. a5 cxb5 19. a6 Qc6 20. axb7 Rae8 21. Rxa7 Bb8 22. Ra8 Rxb7 23. Rea1 Rbe7 24. R8a6 Qc8 25. R6a2 Bd3 26. Qd1 Qf5 27. c6 Re6 28. Nxb5 Rxc6 29. Nec3 Be4 30. Ra8 Bxg2 31. Kxg2 Ng4 32. Qf3 Qh5 33. Nxd5 Qxh2+ 34. Kf1 Qh3+ 35. Qg2 Nh2+ 36. Kg1 Qxg2+ 37. Kxg2 Ng4 38. Ne7+ Kh8 39. Nxc6 1-0

[Event "Brno Dedek Memorial-B"]
[Site "Brno"]
[Date "2005.??.??"]
[Round "9"]
[White "Hladil, Ivo"]
[Black "Smistik, Milan"]
[Result "0-1"]
[WhiteElo "1835"]
[BlackElo "2270"]
[PlyCount "50"]
[EventDate "2005.??.??"]
[EventType "tourn"]
[EventRounds "11"]
[EventCountry "CZE"]
[SourceTitle "EXT 2007"]
[Source "ChessBase"]
[SourceDate "2006.11.23"]
[SourceVersion "1"]
[SourceVersionDate "2006.11.23"]
[SourceQuality "1"]

1. c4 Nf6 2. Nc3 d5 3. cxd5 Nxd5 4. g3 g6 5. Bg2 Nb6 6. Nf3 Bg7 7. 0-0 0-0 8. d4 Nc6 9. e3 e5 10. dxe5 Nxe5 11. Nxe5 Bxe5 12. Qc2 c6 13. b3 Nd5 14. Bxd5 cxd5 15. Rd1 Qf6 16. Nxd5 Qf3 17. Ne7+ Kh8 18. Nxc8 Raxc8 19. Qd3 Bxa1 20. Ba3 Rfd8 21. Qxd8+ Rxd8 22. Rxd8+ Kg7 23. Bf8+ Kf6 24. Rd6+ Kg5 25. h4+ Kg4 0-1

[Event "Brno Dedek Memorial-B"]
[Site "Brno"]
[Date "2005.??.??"]
[Round "7"]
[White "Hladil, Ivo"]
[Black "Stanek, Stanislav"]
[Result "1-0"]
[WhiteElo "1835"]
[BlackElo "2005"]
[PlyCount "83"]
[EventDate "2005.??.??"]
[EventType "tourn"]
[EventRounds "11"]
[EventCountry "CZE"]
[SourceTitle "EXT 2007"]
[Source "ChessBase"]
[SourceDate "2006.11.23"]
[SourceVersion "1"]
[SourceVersionDate "2006.11.23"]
[SourceQuality "1"]

1. c4 d6 2. Nc3 c6 3. g3 e5 4. Bg2 Be6 5. d3 Be7 6. Nf3 Qc8 7. h3 h6 8. Be3 f5 9. Qa4 Nd7 10. Rc1 g5 11. Nd5 Bxd5 12. cxd5 c5 13. b4 b6 14. bxc5 bxc5 15. 0-0 Kf7 16. Rb1 Nb6 17. Qb3 Qd7 18. Nxe5+ dxe5 19. d6+ c4 20. dxc4 Rb8 21. c5+ Qe6 22. Qxe6+ Kxe6 23. dxe7 Nxe7 24. cxb6 axb6 25. Rxb6+ Rxb6 26. Bxb6 Rb8 27. Bc5 Nc8 28. Rd1 Rb5 29. Bf8 h5 30. Bc6 Rb2 31. e3 Nb6 32. a4 Rc2 33. Be8 Nc4 34. a5 Ra2 35. a6 Rxa6 36. Bb5 Nb2 37. Bxa6 Nxd1 38. Bc4+ Kd7 39. Be2 Nc3 40. Bxh5 Ne4 41. Bg6 Ke6 42. g4 1-0

[Event "Brno Dedek Memorial-B"]
[Site "Brno"]
[Date "2005.??.??"]
[Round "8"]
[White "Prokop, Petr"]
[Black "Hladil, Ivo"]
[Result "0-1"]
[WhiteElo "1620"]
[BlackElo "1835"]
[PlyCount "132"]
[EventDate "2005.??.??"]
[EventType "tourn"]
[EventRounds "11"]
[EventCountry "CZE"]
[SourceTitle "EXT 2007"]
[Source "ChessBase"]
[SourceDate "2006.11.23"]
[SourceVersion "1"]
[SourceVersionDate "2006.11.23"]
[SourceQuality "1"]

1. e4 d6 2. d4 Nf6 3. Nc3 c6 4. Bd3 e5 5. Nge2 Be7 6. 0-0 0-0 7. dxe5 dxe5 8. Ng3 Nbd7 9. Nf5 Re8 10. Be3 Bc5 11. Qf3 Bxe3 12. fxe3 g6 13. Nd6 Re6 14. Nxc8 Rxc8 15. Bc4 Rd6 16. g4 b5 17. Bb3 Nc5 18. g5 Nh5 19. Qxf7+ Kh8 20. h4 Nxb3 21. axb3 Rc7 22. Qf8+ Qxf8 23. Rxf8+ Kg7 24. Ra8 Rdd7 25. Rd1 Rxd1+ 26. Nxd1 Kf7 27. Rd8 Ng3 28. Nc3 b4 29. Kg2 bxc3 30. Kxg3 cxb2 31. Rd1 Ke6 32. Rb1 Rd7 33. Rxb2 Rd2 34. Ra2 a5 35. Rxa5 Rxc2 36. Ra7 Rc3 37. Rb7 Rxe3+ 38. Kf2 Rxe4 39. Rxh7 Rb4 40. Rh6 Kf5 41. h5 gxh5 42. g6 Kf6 43. Rxh5 Rxb3 44. g7 Kxg7 45. Rxe5 Kf6 46. Rc5 Rb6 47. Ke3 Ke6 48. Kd4 Kd6 49. Rg5 Rb4+ 50. Kc3 c5 51. Rg6+ Kd5 52. Rg5+ Kc6 53. Rg6+ Kb5 54. Rg8 Rf4 55. Rb8+ Kc6 56. Rc8+ Kd6 57. Rd8+ Kc7 58. Rd5 Kc6 59. Rg5 Kb5 60. Rg8 Rf3+ 61. Kc2 c4 62. Rb8+ Kc6 63. Rg8 Rf6 64. Rg4 Kd5 65. Rg5+ Ke4 66. Rg4+ Kd5 0-1

[Event "Brno Duras BVK op-B"]
[Site "Brno"]
[Date "2003.07.04"]
[Round "7"]
[White "Hladil, Ivo"]
[Black "Turza, Pavel"]
[Result "1/2-1/2"]
[WhiteElo "1875"]
[BlackElo "1735"]
[PlyCount "90"]
[EventDate "2003.06.28"]
[EventType "swiss"]
[EventRounds "9"]
[EventCountry "CZE"]
[SourceTitle "EXT 2006"]
[Source "ChessBase"]
[SourceDate "2005.11.24"]
[SourceVersion "1"]
[SourceVersionDate "2005.11.24"]
[SourceQuality "1"]

1. e4 c5 2. f4 Nf6 3. Nc3 d5 4. Bb5+ Bd7 5. Qe2 dxe4 6. Nxe4 Nxe4 7. Bxd7+ Qxd7 8. Qxe4 Qc6 9. Qe2 g6 10. Nf3 Bg7 11. 0-0 Nd7 12. a4 e6 13. Ra3 0-0 14. Ng5 Nf6 15. a5 h6 16. Nf3 Qe4 17. Qxe4 Nxe4 18. d3 Nd6 19. Ne5 Rfc8 20. c4 Nf5 21. Bd2 Nd4 22. b4 Nc2 23. Rb3 Nxb4 24. Bxb4 cxb4 25. Rxb4 Bxe5 26. fxe5 Rab8 27. d4 Rc6 28. Kf2 b6 29. Rfb1 Rbc8 30. axb6 axb6 31. Rc1 Ra8 32. Rc2 Ra3 33. Ke2 f6 34. Rb5 Kf7 35. c5 fxe5 36. dxe5 Rxc5 37. Rbxc5 bxc5 38. Rxc5 Ra2+ 39. Kf3 Ra3+ 40. Kg4 Ra4+ 41. Kh3 g5 42. Rc7+ Kg6 43. g4 Ra5 44. Kg3 Rxe5 45. Re7 Re3+ 1/2-1/2

[Event "Brno Duras BVK op-B"]
[Site "Brno"]
[Date "2003.07.02"]
[Round "5"]
[White "Hladil, Ivo"]
[Black "Tlaskal, Martin"]
[Result "0-1"]
[WhiteElo "1876"]
[BlackElo "1777"]
[PlyCount "71"]
[EventDate "2003.06.28"]
[EventType "swiss"]
[EventRounds "9"]
[EventCountry "CZE"]
[SourceTitle "EXT 2006"]
[Source "ChessBase"]
[SourceDate "2005.11.24"]
[SourceVersion "1"]
[SourceVersionDate "2005.11.24"]
[SourceQuality "1"]

1. e4 e5 2. Bc4 Nc6 3. Nc3 Nf6 4. d3 Bb4 5. Nge2 d5 6. exd5 Nxd5 7. 0-0 Be6 8. Ne4 h6 9. c3 Be7 10. N2g3 g5 11. Nh5 Rg8 12. b4 f5 13. Qb3 Rg6 14. Nc5 Bxc5 15. bxc5 Na5 16. Qa4+ c6 17. Bxd5 Bxd5 18. Re1 Qc7 19. Bd2 b5 20. cxb6 axb6 21. Rxe5+ Qxe5 22. Re1 Be4 23. g4 0-0-0 24. gxf5 Qxf5 25. Ng3 Qf3 26. Rxe4 Qxd3 27. Nf5 Kc7 28. Nd4 Qxd2 29. Nb3 Qxc3 30. Nd4 Rgd6 31. Ne6+ Rxe6 32. Rxe6 Qf3 33. Re7+ Kb8 34. Re1 Qf4 35. Qa3 Qd6 36. Qb3 0-1

[Event "Ostrava op-B"]
[Site "Ostrava"]
[Date "2003.05.11"]
[Round "10"]
[White "Uherek, Michal"]
[Black "Hladil, Ivo"]
[Result "1/2-1/2"]
[WhiteElo "1408"]
[BlackElo "1876"]
[PlyCount "69"]
[EventDate "2003.05.03"]
[EventType "swiss"]
[EventRounds "10"]
[EventCountry "CZE"]
[SourceTitle "EXT 2006"]
[Source "ChessBase"]
[SourceDate "2005.11.24"]
[SourceVersion "1"]
[SourceVersionDate "2005.11.24"]
[SourceQuality "1"]

1. e4 d6 2. d4 Nf6 3. Nc3 c6 4. f3 Nbd7 5. Be3 e5 6. Nge2 Be7 7. Qd2 b5 8. Ng3 0-0 9. Be2 b4 10. Nd1 exd4 11. Bxd4 c5 12. Bf2 d5 13. exd5 Nb6 14. c4 bxc3 15. Nxc3 Nfxd5 16. Nge4 Bf5 17. Nxd5 Nxd5 18. Bxc5 Bxc5 19. Nxc5 Re8 20. Rd1 Qe7 21. Ne4 Bxe4 22. fxe4 Qxe4 23. 0-0 Qxe2 24. Qxd5 Qe3+ 25. Kh1 Qe7 26. Qa5 Qb7 27. b4 h6 28. Rfe1 Rxe1+ 29. Rxe1 Rc8 30. h3 Kh7 31. Rf1 g6 32. Qa4 Rc3 33. Kh2 Kg7 34. b5 Qc7+ 35. Kh1 1/2-1/2

[Event "Ostrava op-B"]
[Site "Ostrava"]
[Date "2003.05.04"]
[Round "3"]
[White "Hladil, Ivo"]
[Black "Lanca, Ivan"]
[Result "0-1"]
[WhiteElo "1876"]
[BlackElo "2109"]
[PlyCount "78"]
[EventDate "2003.05.03"]
[EventType "swiss"]
[EventRounds "10"]
[EventCountry "CZE"]
[SourceTitle "EXT 2006"]
[Source "ChessBase"]
[SourceDate "2005.11.24"]
[SourceVersion "1"]
[SourceVersionDate "2005.11.24"]
[SourceQuality "1"]

1. e4 Nc6 2. Nf3 d6 3. d4 Nf6 4. e5 dxe5 5. Bb5 Bd7 6. dxe5 Nxe5 7. Nxe5 Bxb5 8. Qf3 Qd4 9. Bf4 Qe4+ 10. Qxe4 Nxe4 11. c4 Ba6 12. f3 Nd6 13. b3 f6 14. Nd3 e5 15. Bd2 b6 16. 0-0 0-0-0 17. Nb4 Bb7 18. Rc1 Nf5 19. Nc2 Bc5+ 20. Kf1 Rhe8 21. b4 Bf8 22. a4 e4 23. Kf2 Ba6 24. a5 Bxc4 25. axb6 axb6 26. Ra8+ Kd7 27. Rxd8+ Kxd8 28. Nba3 Bd3 29. Ne1 e3+ 30. Bxe3 Rxe3 31. g4 Ba6 32. Nac2 Re2+ 33. Kg1 Ne3 34. Nd4 Ra2 35. Ne6+ Ke7 36. Nxc7 Bc4 37. Rc3 Kd7 38. Ne8 Kxe8 39. Rxe3+ Kf7 0-1

[Event "Ostrava op-B"]
[Site "Ostrava"]
[Date "2003.05.03"]
[Round "1"]
[White "Hladil, Ivo"]
[Black "Kral, Pavel"]
[Result "1-0"]
[WhiteElo "1876"]
[BlackElo "1600"]
[PlyCount "75"]
[EventDate "2003.05.03"]
[EventType "swiss"]
[EventRounds "10"]
[EventCountry "CZE"]
[SourceTitle "EXT 2006"]
[Source "ChessBase"]
[SourceDate "2005.11.24"]
[SourceVersion "1"]
[SourceVersionDate "2005.11.24"]
[SourceQuality "1"]

1. e4 e6 2. d4 d6 3. Nf3 Be7 4. Nc3 a6 5. Bc4 b5 6. Bb3 Bb7 7. d5 e5 8. 0-0 Nf6 9. Qd3 Nbd7 10. Be3 Ng4 11. Ne2 Nxe3 12. Qxe3 0-0 13. c4 b4 14. Ng3 Nf6 15. h3 Kh8 16. c5 Ng8 17. c6 Bc8 18. a3 bxa3 19. Rxa3 f5 20. exf5 Bxf5 21. Nxf5 Rxf5 22. Bc2 Rh5 23. Rfa1 Nf6 24. Qd2 h6 25. Rxa6 Rxa6 26. Rxa6 e4 27. Qa5 Rxd5 28. Qa2 Qg8 29. Ra8 Bd8 30. Ne1 Qe8 31. Qa7 Rd2 32. Qb8 Qxc6 33. Qxd8+ Kh7 34. Qc8 Kg6 35. Ra3 d5 36. Rc3 Qb6 37. Rf3 Rxc2 38. Rg3+ 1-0